Welcome to CU Library Online Public Access Catalogue (OPAC)

The general part of criminal law--a Ghanaian casebook / (Record no. 1258)

MARC details
000 -LEADER
fixed length control field 00571cam a2200181 a 4500
001 - CONTROL NUMBER
control field 12818792
005 - DATE AND TIME OF LATEST TRANSACTION
control field 20241115181303.0
008 - FIXED-LENGTH DATA ELEMENTS--GENERAL INFORMATION
fixed length control field 020307s2001 gh 001 0 eng
020 ## - INTERNATIONAL STANDARD BOOK NUMBER
International Standard Book Number 9964960999
050 00 - LIBRARY OF CONGRESS CALL NUMBER
Classification number KRX3800
Item number .M46 MEN 2001 VOL.2
100 1# - MAIN ENTRY--PERSONAL NAME
Personal name Mensa-Bonsu, Henrietta J. A. N.
245 14 - TITLE STATEMENT
Title The general part of criminal law--a Ghanaian casebook /
Statement of responsibility, etc. Henrietta J.A.N. Mensa-Bonsu.
260 ## - PUBLICATION, DISTRIBUTION, ETC.
Place of publication, distribution, etc. Cantonments, Accra :
Name of publisher, distributor, etc. Black Mask,
Date of publication, distribution, etc. c2001.
300 ## - PHYSICAL DESCRIPTION
Extent 2 v. ;
Dimensions 23 cm.
500 ## - GENERAL NOTE
General note Includes index.
650 #0 - SUBJECT ADDED ENTRY--TOPICAL TERM
Topical term or geographic name entry element Criminal law
Geographic subdivision Ghana
Form subdivision Cases.
942 ## - ADDED ENTRY ELEMENTS (KOHA)
Source of classification or shelving scheme Library of Congress Classification
Koha item type Books
Suppress in OPAC No
999 ## -
-- 1258
-- 1258
Holdings
Withdrawn status Lost status Source of classification or shelving scheme Damaged status Not for loan Collection Home library Current library Shelving location Date acquired Total checkouts Barcode Date last seen Price effective from Koha item type
    Library of Congress Classification     Reference Law Library (Christ Temple) Law Library (Christ Temple) General stacks 11/15/2024   llct00000043 11/15/2024 11/15/2024 Books
    Library of Congress Classification     Reference Law Library (Christ Temple) Law Library (Christ Temple) General stacks 11/15/2024   llct00000044 11/15/2024 11/15/2024 Books
    Library of Congress Classification     Reference Law Library (Christ Temple) Law Library (Christ Temple) General stacks 11/15/2024   llct00000045 11/15/2024 11/15/2024 Books
    Library of Congress Classification     Reference Law Library (Christ Temple) Law Library (Christ Temple) General stacks 11/15/2024   llct00000046 11/15/2024 11/15/2024 Books
    Library of Congress Classification     Reference Law Library (Christ Temple) Law Library (Christ Temple) General stacks 11/15/2024   llct00000047 11/15/2024 11/15/2024 Books
    Library of Congress Classification     Reference Law Library (Christ Temple) Law Library (Christ Temple) General stacks 11/15/2024   llct00000048 11/15/2024 11/15/2024 Books
© 2023-2024 Copyright: Central University Libraries. All Rights Reserved | Created by: Mahone Tech Office